| 000 -GUIDE |
| Champ de contrôle de longueur fixe |
01150nam a22002537a 4500 |
| 003 - IDENTITÉ DU NUMÉRO DE CONTRÔLE |
| Champ de contrôle |
BI-BuBU |
| 008 - ÉLÉMENTS DE LONGUEUR FIXE - RENSEIGNEMENTS GÉNÉRAUX |
| Champ de contrôle de longueur fixe |
260602b2025 bd fr|||| 000 0 fre d |
| 037 ## - SOURCE D'ACQUISITION |
| Source d'acquisition et du numéro d'inventaire |
don |
| 039 ## - NIVEAU DE CONTRÔLE BIBLIOGRAPHIQUE ET HISTORIQUE D'ENCODAGE [OBSOLETE] |
| Date creation |
20260602120319.0 |
| Nom catalographe |
Joëlla Nshimirimana |
| 040 ## - SOURCE DU CATALOGAGE |
| Organisme qui a effectué le catalogage original |
BI-BuBU |
| Code de la langue utilisée dans le catalogage |
fre |
| Organisme qui a effectué la transcription |
BI-BuBU |
| Organisme qui a effectué la modification |
BI-BuBU |
| 041 0# - CODE DE LANGUE |
| Code de langue du texte/de la piste sonore ou du titre distinct |
fre |
| 080 ## - INDICE DE LA CLASSIFICATION DÉCIMALE UNIVERSELLE (CDU) |
| Indice de la Classification décimale universelle |
615.89 |
| 100 1# - VEDETTE PRINCIPALE - NOM DE PERSONNE |
| Code de relation |
aut. |
| Nom de personne |
Niyonkuru, Emile |
| 245 13 - MENTION DU TITRE |
| Titre |
La cafétaria diétetique (association pour le developpement de la médecine naturelle) et coopérative dietetique "abarindiriye" |
| Reste du titre |
La médecine traditionnelle en résilience |
| Mention de responsabilité, etc. |
Emile Niyonkuru ; christella Kwizera,directeur |
| 260 ## - PUBLICATION, DIFFUSION, ETC. (ADRESSE BIBLIOGRAPHIQUE) |
| Lieu de publication, diffusion, etc. |
Bujumbura |
| Nom de l'éditeur, diffuseur, etc. |
Université du Burundi, Faculté des Lettres et Sciences Humaines |
| Date of publication, distribution, etc |
2025 |
| 300 ## - DESCRIPTION MATÉRIELLE |
| Collation |
XII-83 f. |
| Dimensions |
30 Cm. |
| 502 ## - NOTE DE THÈSE OU MÉMOIRE |
| Note de thèse |
Mémoire présenté et défendu publiquement en vue de l'obtention du diplome de master en socio-Anthropologie |
| 650 #7 - VEDETTE-MATIÈRE - NOM COMMUN |
| Source du terme |
BI-BuBU |
| Vedette de sujet ou vedette comportant un nom géographique |
médecine traditionnelle |
| Subdivision générale |
cafetariat diétetique |
| 650 #7 - VEDETTE-MATIÈRE - NOM COMMUN |
| Source du terme |
BI-BuBU |
| Vedette de sujet ou vedette comportant un nom géographique |
médecine traditionnelle |
| Subdivision générale |
coopérative diétetique |
| 655 #7 - TERME D'INDEXATION - GENRE OU FORME |
| Source du terme |
BI-BuBU |
| Données ou terme dominant sur le genre ou la forme |
mémoire |
| 700 1# - VEDETTE SECONDAIRE - NOM DE PERSONNE |
| Code de relation |
dir. |
| Nom d'auteur |
Kwizera , christella |
| 710 ## - VEDETTE SECONDAIRE - NOM DE COLLECTIVITÉ |
| Nom de la collectivité ou nom de lieu comme élément de classement |
Faculté des Lettres et Sciences Humaines |
| 942 ## - ÉLÉMENTS D'ENTRÉE ADDITIONNELLE (KOHA) |
| Source de la classification ou du système de rangement |
|
| Type d item koha |
Memoire |